<?xml version="1.0" encoding="UTF-8"?><?xml-stylesheet type="text/xsl" href="static/style.xsl"?><OAI-PMH xmlns="http://www.openarchives.org/OAI/2.0/" xmlns:xsi="http://www.w3.org/2001/XMLSchema-instance" xsi:schemaLocation="http://www.openarchives.org/OAI/2.0/ http://www.openarchives.org/OAI/2.0/OAI-PMH.xsd"><responseDate>2026-06-07T15:18:36Z</responseDate><request verb="GetRecord" identifier="oai:docta.ucm.es:20.500.14352/56535" metadataPrefix="marc">https://docta.ucm.es/rest/oai/request</request><GetRecord><record><header><identifier>oai:docta.ucm.es:20.500.14352/56535</identifier><datestamp>2023-09-11T06:24:40Z</datestamp><setSpec>com_20.500.14352_14</setSpec><setSpec>col_20.500.14352_17</setSpec></header><metadata><record xmlns="http://www.loc.gov/MARC21/slim" xmlns:dcterms="http://purl.org/dc/terms/" xmlns:xsi="http://www.w3.org/2001/XMLSchema-instance" xmlns:doc="http://www.lyncode.com/xoai" xsi:schemaLocation="http://www.loc.gov/MARC21/slim http://www.loc.gov/standards/marcxml/schema/MARC21slim.xsd">
   <leader>00925njm 22002777a 4500</leader>
   <datafield ind2=" " ind1=" " tag="042">
      <subfield code="a">dc</subfield>
   </datafield>
   <datafield ind2=" " ind1=" " tag="720">
      <subfield code="a">Palomino Lozano, Rafael</subfield>
      <subfield code="e">author</subfield>
   </datafield>
   <datafield ind2=" " ind1=" " tag="260">
      <subfield code="c">2006</subfield>
   </datafield>
   <datafield ind2=" " ind1=" " tag="520">
      <subfield code="a">Análisis de los principales sectores de la Unión Europea (declaraciones políticas, estudios estadísticos, instrumentos jurídicos) en los que se manifiesta la acción europea en favor de la discriminación positiva de la mujer. Este trabajo se inscribe dentro del Contrato de Investigación suscrito entre investigadores de diversas universidades españolas y extranjeras y la Consejería de Empleo y Mujer "Acciones positivas a favor de las mujeres en el sector de la participación política: Europa y América Latina". La versión del trabajo corresponde a Septiembre de 2006.</subfield>
   </datafield>
   <datafield ind1="8" ind2=" " tag="024">
      <subfield code="a">https://hdl.handle.net/20.500.14352/56535</subfield>
   </datafield>
   <datafield ind2="0" ind1="0" tag="245">
      <subfield code="a">Informe sobre discriminación positiva en la Unión Europea</subfield>
   </datafield>
</record></metadata></record></GetRecord></OAI-PMH>